Big 4 Teams without a Championship - Statistics

General Stats
  • This quiz has been taken 27 times
  • The average score is 24 of 36
Answer Stats
Answer % Correct
Carolina Panthers
86%
Cincinnati Bengals
86%
Florida Panthers
86%
Vancouver Canucks
86%
Buffalo Bills
81%
Memphis Grizzlies
81%
Seattle Mariners
81%
Tampa Bay Rays
81%
Brooklyn Nets
76%
Indiana Pacers
76%
Jacksonville Jaguars
76%
Ottawa Senators
76%
Winnipeg Jets
76%
Atlanta Falcons
71%
Houston Texans
71%
Tennessee Titans
71%
Utah Jazz
71%
Charlotte Hornets
67%
Los Angeles Chargers
67%
Nashville Predators
67%
New Orleans Pelicans
67%
Texas Rangers
67%
Vegas Golden Knights
67%
Colorado Rockies
62%
Minnesota Wild
62%
Orlando Magic
62%
Arizona Coyotes
57%
Columbus Blue Jackets
57%
Los Angeles Clippers
57%
San Jose Sharks
57%
Denver Nuggets
52%
Milwaukee Brewers
52%
San Diego Padres
48%
Minnesota Timberwolves
43%
Phoenix Suns
43%
Buffalo Sabres
38%
No matching quizzes found
Score Distribution
Percent of People with Each Score
Percentile by Number Answered
Your Score History
You have not taken this quiz